000
00261nam a2200109Ia 4500
005
20251222154420.0
008
251222s9999||||xx |||||||||||||| ||spa||
082
_a
943.63/H12
100
_a
"Habsburgo, Otto De"
245
0
_a
Nuestro mundo en marcha
942
_c
LIB
999
_c
36012
_d
36012